Descartes : (Record no. 7465)

MARC details
000 -LEADER
fixed length control field 01289nac a22002651u 4500
010 ## - LIBRARY OF CONGRESS CONTROL NUMBER
LC control number 2004029482
020 ## - INTERNATIONAL STANDARD BOOK NUMBER
International Standard Book Number 0415356261 (hardback : alk. paper)
020 ## - INTERNATIONAL STANDARD BOOK NUMBER
International Standard Book Number 041535627X (pbk. : alk. paper)
035 ## - SYSTEM CONTROL NUMBER
System control number (OCoLC)ocm57251021
082 00 - DEWEY DECIMAL CLASSIFICATION NUMBER
Classification number 194
Item number WIL
090 ## - LOCALLY ASSIGNED LC-TYPE CALL NUMBER (OCLC); LOCAL CALL NUMBER (OCLC)
-- 7465
-- 7465
100 ## - MAIN ENTRY--PERSONAL NAME
Personal name Williams, Bernard Arthn.
245 10 - TITLE STATEMENT
Title Descartes :
Remainder of title the project of pure enquiry /
Statement of responsibility, etc Bernard Williams.
250 ## - EDITION STATEMENT
Edition statement [Rev. ed.].
260 ## - PUBLICATION, DISTRIBUTION, ETC. (IMPRINT)
Place of publication, distribution, etc London ;
-- New York :
Name of publisher, distributor, etc Routledge,c.2005.
Date of publication, distribution, etc c.2005.
300 ## - PHYSICAL DESCRIPTION
Extent xviii, 308 p. ;
Dimensions 21 cm.
500 ## - GENERAL NOTE
General note Distributer: Al-Ahram.
504 ## - BIBLIOGRAPHY, ETC. NOTE
Bibliography, etc Includes bibliographical references and index.
505 0# - FORMATTED CONTENTS NOTE
Formatted contents note Descartes -- The project -- Cogito and sum -- The real distinction -- God -- Error and the will -- Knowledge is possible -- Physical objects -- Science and experiment -- Mind and its place in nature -- Appendix 1: Epistemological concepts -- Appendix 2: What the pure enquirer knows -- Appendix 3: Dreaming.
511 ## - PARTICIPANT OR PERFORMER NOTE
Participant or performer note Catalogued By: Mahitab.
600 10 - SUBJECT ADDED ENTRY--PERSONAL NAME
Personal name Descartes, ReneÌ?,
Dates associated with a name 1596-1650.
856 41 - ELECTRONIC LOCATION AND ACCESS
Materials specified Table of contents
Uniform Resource Identifier <a href="http://www.loc.gov/catdir/toc/ecip055/2004029482.html">http://www.loc.gov/catdir/toc/ecip055/2004029482.html</a>
856 41 - ELECTRONIC LOCATION AND ACCESS
Materials specified Publisher description
Uniform Resource Identifier <a href="http://www.loc.gov/catdir/enhancements/fy0653/2004029482-d.html">http://www.loc.gov/catdir/enhancements/fy0653/2004029482-d.html</a>
942 ## - ADDED ENTRY ELEMENTS (KOHA)
Item type Book - Borrowing
Call number prefix 194WIL
Holdings
Withdrawn status Item status Damaged status Not for loan Home library Current library Shelving location Date acquired Source of acquisition Total Checkouts Total Renewals Full call number Barcode Date last seen Date last borrowed Koha item type
        Central Library Central Library Lower Floor 24/01/2008 Purchase 1 12 194WIL 000009031 15/07/2025 14/01/2016 Book - Borrowing